00601nam a22001457a 4500008004100000082001600041100003700057245016600094260005100260300000900311440001300320942001200333999001500345952009500360230621b xxu||||| |||| 00| 0 eng d a328.42bVAC cVacher's Parliamentary Companion aVacher's Parliamentary CompanionbA reference book for parliament Departments of State Senior Civil Servants and Public OfficescCorrected QuarterlyhNumber 1079 aLondonbVacher's Parliamentary Companionc1995 a437p nNo. 1079 2ddccBK c2298d2298 00102ddc4070a002b002d2023-06-21l0o328.42 VACp10010991r2023-06-21w2023-06-21yBK